Born in Washington Quiz Stats

 Plays Quiz Updated Apr 23, 2014

Support Sporcle.
Go Orange.
Score 0/20 Timer 05:00
0 Plays Today
% Correct
BusinessmanBill Gates
93.4%
MusicianKurt Cobain
87.4%
MusicianJimi Hendrix
79.7%
TV HostBob Barker
69%
MusicianKenny G
68.1%
AthleteJohn Elway
57%
AthleteApolo Anton Ohno
55.2%
MusicianBing Crosby
55.2%
MusicianMacklemore
45%
ActorRainn Wilson
43.9%
% Correct
AthleteHope Solo
41.7%
AthleteJohn Stockton
41.6%
TV HostGlenn Beck
36.8%
ActorCarol Channing
35.7%
ComedianSam Kinison
24.5%
ActorAdam West
22.6%
AthleteFred Couples
20.6%
MusicianChris Cornell
20.1%
ActorKyle MacLachlan
19.2%
AthleteGail Devers
7.6%

From the Vault

Same Last Name III

by Hermateeowish

I'm Agent Johnson, this is Special Agent Johnson. No relation.
Remove Ads.
Support Sporcle.
Get the best of Sporcle when you Go Orange. This ad-free experience offers more features, more stats, and more fun while also helping to support Sporcle. Thank you for becoming a member.

Show Comments

Extras

Top Quizzes Today


Score Distribution

Your Account Isn't Verified!

In order to create a playlist on Sporcle, you need to verify the email address you used during registration. Go to your Sporcle Settings to finish the process.

Report this User

Report this user for behavior that violates our Community Guidelines.

Details: